000
00409nam a2200145Ia 4500
008
100122s9999 xx 000 0 und d
082
_b
16462
_a
823
100
_a
गोगटे शकुंतला
245
_a
सार्थक
260
_b
कुलकर्णी ग्रंथगार
_c
1970
300
_a
120
630
_a
सार्थक
730
_a
सार्थक
942
_c
BOOK
999
_c
406403
_d
406400